Les pokémon de type combat (avec types indiqués) - Statistiques

Statistiques générales
  • Ce quiz a été pris 1 615 fois
    1 612 depuis la dernière actualisation
  • Le résultat moyen est 35 sur 44
Statistiques - réponses
Génération Type(s) N°National Pokémon % Correct
1ère Combat 66 Machoc
97%
1ère Combat 67 Machopeur
96%
1ère Combat 68 Mackogneur
95%
1ère Combat 107 Tygnon
95%
1ère Combat 106 Kicklee
94%
3ème Feu Combat 257 Braségali
89%
4ème Feu Combat 392 Simiabraz
89%
1ère Eau Combat 62 Tartard
89%
3ème Combat Psy 308 Charmina
87%
4ème Feu Combat 391 Chimpenfeu
87%
1ère Combat 57 Colossinge
87%
1ère Combat 56 Ferosinge
87%
3ème Feu Combat 256 Galifeu
87%
4ème Combat Acier 448 Lucario
87%
2ème Combat 236 Debugant
86%
4ème Combat 447 Riolu
86%
2ème Combat 237 Kapoera
85%
3ème Combat Psy 307 Meditikka
83%
4ème Poison Combat 454 Coatox
82%
5ème Feu Combat 499 Grotichon
81%
2ème Insecte Combat 214 Scarhino
81%
6ème Combat Vol 701 Brutalibre
80%
4ème Poison Combat 453 Cradopaud
80%
5ème Combat 538 Judokrak
78%
3ème Plante Combat 286 Chapignon
77%
3ème Combat 297 Hariyama
77%
5ème Combat 539 Karaclee
77%
5ème Roche Combat 639 Terrakium
76%
5ème Plante Combat 640 Viridium
76%
5ème Combat 534 Betochef
75%
5ème Acier Combat 638 Cobaltium
75%
3ème Combat 296 Makuhita
75%
5ème Combat 532 Charpenti
74%
5ème Combat 533 Ouvrifier
74%
4ème Psy Combat 475 Gallame
73%
5ème Eau Combat 647 Keldeo
73%
5ème Feu Combat 500 Roitiflamme
70%
5ème Tenebres Combat 560 Baggaid
65%
5ème Combat 620 Shaofouine
65%
6ème Combat Tenebres 675 Pandarbare
64%
5ème Tenebres Combat 559 Baggiguane
63%
6ème Plante Combat 652 Blindepique
63%
5ème Combat 619 Kungfouine
63%
6ème Combat 674 Pandespiegle
62%
Aucun quiz correspondant
Distribution des résultats
% des personnes avec chaque résultat
Percentile par nombre de réponses
Votre historique - résultats
Vous n’avez pas pris ce quiz depuis la dernière actualisation